| 000 | 02236cam a22004814i 4500 | ||
|---|---|---|---|
| 003 | PE-LiUPU | ||
| 005 | 20250731173055.0 | ||
| 008 | 150623s1998 ag r 000 0 spa d | ||
| 020 | _a9505736770 | ||
| 035 | _a(Sirsi) i9789505736775 | ||
| 040 |
_aPE-LiUPU _bspa _cPE-LiUPU _erda |
||
| 049 | _aPRUA | ||
| 082 | 0 | 4 |
_a232 _bV44 _221 |
| 100 | 1 |
_aVenden, Morris L., _eautor. |
|
| 245 | 1 | 0 |
_aNunca sin un intercesor : _blas buenas nuevas acerca del juicio / _cMorris L. Venden. |
| 264 | 1 |
_aBuenos Aires : _bAsociación Casa Editora Sudamericana, _c1998. |
|
| 300 |
_a167 páginas ; _c20 centímetros |
||
| 336 |
_atext _2rdacontent |
||
| 337 |
_aunmediated _2rdamedia |
||
| 338 |
_avolume _2rdacarrier |
||
| 505 | 0 | _aLas malas nuevas del evangelio -- Tribulación con gracia -- Las malas nuevas acerca de la obediencia -- Las buenas nuevas acerca del juicio -- El juicio pre advenimiento es bíblico -- Nunca sin un intercesor -- Viviendo sin pecar -- Venciendo pecados conocidos -- Las malas nuevas acerca de las bodas -- Apocalipsis 3:5 para pecadores -- Buenas Nuevas para los legalistas -- Buenas nuevas para los fariseos -- Buenas nuevas acerca de la expiación. | |
| 526 | _aSEG42 | ||
| 526 | _aSEG41 | ||
| 526 | _aSEG40 | ||
| 526 | _aSEG39 | ||
| 526 | _aP94 | ||
| 526 | _aP87 | ||
| 526 | _aP86 | ||
| 526 | _aP85 | ||
| 526 | _aP77 | ||
| 526 | _aP76 | ||
| 526 | _aP35 | ||
| 600 | 1 |
_aJesucristo _xIntercesión |
|
| 942 |
_2ddc _cBOOK |
||
| 949 |
_a232 V44 _wDEWEY _c1 _i45408 _lCCODEBUL1 _mBUL _r0 _sY _tBOOK _u2015-6-24 _xTEOLOGIA _PP35 _0COMPRA _o.STAFF. Colección General |
||
| 949 |
_a232 V44 _wDEWEY _c2 _i48516 _lCCODEBUL1 _mBUL _r0 _sY _tBOOK _u2015-6-24 _xTEOLOGIA _PP35 _0COMPRA _o.STAFF. Colección General |
||
| 994 |
_aC0 _bPEPRU |
||
| 596 | _a1 | ||
| 999 |
_a232 V44 _wDEWEY _c27687 _i45408 _d27687 _f2021-11-11 _g5 _lCCODEBUL1 _mBUL _q1 _r0 _sY _tBOOK _u2015-6-24 _xTEOLOGIA _PP35 _0COMPRA _o.STAFF. Colección General |
||
| 999 |
_a232 V44 _wDEWEY _c2 _i48516 _d2016-5-30 _e2016-5-26 _f2021-11-11 _g5 _lCCODEBUL1 _mBUL _n2 _p22.00 _r0 _sY _tBOOK _u2015-6-24 _xTEOLOGIA _PP35 _0COMPRA _o.STAFF. Colección Teología |
||
| 980 |
_81 _gALBERTO SANCHEZ Responsable de Automatización |
||